La modalidad de taller en el nivel inicial: recorrido y posibilidades para la educación actual

Sparad:
Bibliografiska uppgifter
Huvudupphovsman: Pitluk, Laura (Författare, medförfattare)
Materialtyp: Bok
Språk:spanska
Publicerad: Rosario Homo Sapiens 2008
Upplaga:1a. ed
Serie:Colección Educación Inicial
Ämnen:
Taggar: Lägg till en tagg
Inga taggar, Lägg till första taggen!

MARC

LEADER 00000nam a2200000 a 4500
001 UCI9253
003 CL-VaPUC
008 081030e20080000AG |||||||||||||||||spa|d
020 |a 9789508085474 
082 0 4 |a 372.21  |b PIT  |2 21 
100 0 |a Pitluk, Laura  |e author  |9 532886 
245 1 3 |a La modalidad de taller en el nivel inicial: recorrido y posibilidades para la educación actual 
250 |a 1a. ed 
300 |a 269 p 
942 |c BK 
945 |d 20081030 00:00:00  |a jtorresc 
260 |a Rosario  |b Homo Sapiens  |c 2008 
650 0 |a Educación preescolar  |9 260381 
650 0 |a Métodos de enseñanza  |9 270413 
650 0 |a Rol del docente  |9 329733 
650 0 |a Psicología del niño  |9 307305 
650 7 |a TALLERES DE APRENDIZAJE  |2 CL-VaPUC  |9 369978 
583 |a last modification  |c 20170928 09:54:27  |k Rodrigo Vera 
490 0 |a Colección Educación Inicial 
999 |c 331830  |d 331828 
952 |0 0  |1 0  |4 0  |6 372_210000000000000_PIT_2008  |7 0  |8 A  |9 418975  |a BIBEDU  |b BIBEDU  |c ES_NOD  |d 2019-11-22  |i 4494156  |l 2  |o 372.21 PIT 2008  |p 4494156  |r 2023-09-08  |s 2023-08-09  |w 2019-11-22  |y BK  |k EBA 
952 |0 0  |1 0  |4 0  |6 372_210000000000000_PIT_2008  |7 0  |8 A  |9 418976  |a BIBEDU  |b BIBEDU  |c ES_NOD  |d 2019-11-22  |i 456362K  |l 2  |o 372.21 PIT 2008  |p 456362K  |r 2023-09-08  |s 2023-08-09  |w 2019-11-22  |y BK  |k PAR